Fundamentals of classical thermodynamics (Record no. 4077)

000 -LEADER
fixed length control field 00585nam a22002171i 4500
001 - CONTROL NUMBER
control field 4077
003 - CONTROL NUMBER IDENTIFIER
control field BD-DhUET
008 - FIXED-LENGTH DATA ELEMENTS--GENERAL INFORMATION
fixed length control field 780201s1965 nyua b 001 0 eng
020 ## - INTERNATIONAL STANDARD BOOK NUMBER
International Standard Book Number 047190225X
040 ## - CATALOGING SOURCE
Original cataloging agency DLC
Transcribing agency DLC
Modifying agency BD-DhUET
082 ## - DEWEY DECIMAL CLASSIFICATION NUMBER
Classification number 536.7
Item number VAN/1985
100 1# - MAIN ENTRY--PERSONAL NAME
Personal name Van Wylen, Gordon J.
245 10 - TITLE STATEMENT
Title Fundamentals of classical thermodynamics
250 ## - EDITION STATEMENT
Edition statement 1st ed.
260 ## - PUBLICATION, DISTRIBUTION, ETC. (IMPRINT)
Place of publication, distribution, etc. New York
Name of publisher, distributor, etc. John Wiley
Date of publication, distribution, etc. 1965
300 ## - PHYSICAL DESCRIPTION
Extent xxiii, 631 p.
Other physical details ill.
Dimensions 24 cm.
504 ## - BIBLIOGRAPHY, ETC. NOTE
Bibliography, etc Includes bibliographies
650 #0 - SUBJECT ADDED ENTRY--TOPICAL TERM
Topical term or geographic name as entry element Classical thermodynamics
700 ## - ADDED ENTRY--PERSONAL NAME
Personal name Sonntag, Richard E.
942 ## - ADDED ENTRY ELEMENTS (KOHA)
Koha item type General Book
Holdings
Shelving location Source of classification or shelving scheme Koha normalized classification for sorting Koha item type Lost status Koha issues (times borrowed) Piece designation (barcode) Date acquired Price effective from Koha date last seen Copy number Damaged status Not for loan Sublocation or collection (holding branch) Withdrawn status Koha full call number Koha date last borrowed Location (home branch)
Circulation section 536_700000000000000_VAN_1965General Book 3834552014-11-112014-11-112024-01-271  Central Library, BUET 536.7/VAN/19652023-12-13Central Library, BUET
Circulation section 536_700000000000000_VAN_1965General Book 2844932015-03-082015-03-082023-11-112  Central Library, BUET 536.7/VAN/19652023-10-21Central Library, BUET
Reading section 536_700000000000000_VAN_1965Reading Item  344522015-06-132015-06-132015-06-133  Central Library, BUET 536.7/VAN/1965 Central Library, BUET